LEADER 01995nam 2200493 450 001 000010619 005 20180703131826.0 010 $a88-206-1861-3$b(vol. 1.) 010 $a88-206-1862-1$b(vol. 2.) 100 $a20020305d1985----km-y0itay0103----ba 101 0 $aita 102 $aIT 200 1 $aPiante infestanti e metodi di lotta$fGiovanni Haussmann ... [et al.] 205 $a3. ed. 210 $aBologna$cEdagricole$d1985- 215 $av.$cill.$d24 cm. 327 $a<> Piante infestanti : tavole a colori di Uberto Tosco e Giuliana Forneris / Giovanni Haussmann, Jole Scurti. - 1985. - XII, 530 p.$a<> Metodi di lotta / Davide Zanardi, Giovanni Carboni. - 1985. - VIII, 576 p 559 1 559 1 606 $aErbe infestanti 606 $aDiserbo chimico 676 $a632.58$v(20. ed.)$9Piante nocive. Infestanti 700 1$aHaussmann,$bGiovanni$f<1906-1980>$034171 702 1$aScurti,$bJole 702 1$aZanardi,$bDavide 702 1$aCarboni,$bGiovanni 801 0$aIT$bUniversitą della Basilicata - B.I.A.$gRICA$2unimarc 912 $a000010619 996 $aPiante infestanti e metodi di lotta$91526655 997 $aUNIBAS BAS $aMONAGR BAS $aMONOGR BAS $aAGRARIA CAT $aSTD013$b01$c20020305$lBAS01$h1309 CAT $c20050601$lBAS01$h1754 CAT $abatch$b01$c20050718$lBAS01$h1050 CAT $c20050718$lBAS01$h1109 CAT $c20050718$lBAS01$h1139 CAT $c20050718$lBAS01$h1154 CAT $aATR$b20$c20180703$lBAS01$h1317 CAT $aATR$b20$c20180703$lBAS01$h1318 FMT Z30 -1$lBAS01$LBAS01$mBOOK$1BASA2$APolo Tecnico-Scientifico$2GEN$BCollezione generale$3PTS.s1.p9.14$651411$5A51411$820020305$b1$e XII, 530$f98$FConsultazione$hVol. 1. : Piante infestanti Z30 -1$lBAS01$LBAS01$mBOOK$1BASA2$APolo Tecnico-Scientifico$2GEN$BCollezione generale$3PTS.s1.p9.15$651412$5A51412$820020305$b2$e VIII, 576$f98$FConsultazione$hVol. 2. : Metodi di lotta LEADER 01208nam0 22003371i 450 001 RML0312333 005 20231121125752.0 100 $a20121121d1983 ||||0itac50 ba 101 | $aita 102 $ait 181 1$6z01$ai $bxxxe 182 1$6z01$an 200 1 $a˜Il œgioco impari$fscritti di A. Bauleo$gPrefazione di M.Spinella 210 $aMilano $cFrancoAngeli $d©1983 215 $a173 p.$d22 cm 225 | $aPsicologia$c- 380 p. $d©$v34 410 0$1001RML0331812$12001 $aPsicologia$c- 380 p. $d©$v34 606 $aPsicanalisi e societa$2FIR$3RMLC022407$9I 676 $a150. 195$9$v21 702 1$aSpinelli$b, Mario$3RMLV173178 702 1$aVoltolin$b, Adriano$3RMLV192029 702 1$aCirlą$b, Mario$3RMLV201710 702 1$aBauleo$b, Armando$3RMLV201711 801 3$aIT$bIT-01$c20121121 850 $aIT-FR0017 899 $aBiblioteca umanistica Giorgio Aprea$bFR0017 912 $aRML0312333 950 0$aBiblioteca umanistica Giorgio Aprea$d 52CIS 12/1071$e 52VM 0000827785 VM barcode:00077265. - Inventario:5780 FSSVM$fA $h20100504$i20121204 977 $a 52 996 $aGioco impari$9944522 997 $aUNICAS